4 najlepsze państwa na każdych Letnich Igrzyskach Olimpijskich - Statystyki

Ogólne statystyki
  • Ten quiz został rozwiązany 4 203 razy
  • Średni wynik to 15 z 20
Statystyki odpowiedzi
Państwo % Poprawnych
Stany Zjednoczone
100%
Chiny
98%
Francja
97%
Niemcy
97%
Niemcy Zachodnie
97%
Rosja
95%
Japonia
94%
Wielka Brytania
92%
Kanada
91%
Włochy
90%
Australia
85%
Grecja
75%
Związek Radziecki
74%
Szwecja
73%
Belgia
56%
Niemcy Wschodnie
54%
Finlandia
50%
Węgry
48%
Rumunia
42%
Bułgaria
34%
Nie znaleziono quizów pasujących do podanych kryteriów
Rozkład punktacji
Procent ludzi z każdym wynikiem
Percentyl według liczby udzielonych odpowiedzi
Twoja historia wyników
Nie rozwiązałeś tego quizu